| 000 | 01079nam a2200337 i 4500 | ||
|---|---|---|---|
| 001 | 018375620 | ||
| 003 | EG-ScBUE | ||
| 005 | 20230305024316.0 | ||
| 008 | 170609t2017 enk f 001 0 eng d | ||
| 020 | _a9780198803898 | ||
| 040 |
_aStDuBDS _beng _erda _cStDuBDS _dUk _dEG-ScBUE |
||
| 082 | 0 | 4 |
_a342.41 _222 _bFAR |
| 100 | 1 |
_aFaragher, Colin, _eauthor. |
|
| 245 | 1 | 0 |
_aPublic law / _cColin Faragher, senior lecturer in law, University of West London. _b |
| 250 | _aFifth edition. | ||
| 264 | 1 |
_aOxford : _bOxford University Press, _c[2017] |
|
| 264 | 4 | _cc2017 | |
| 300 |
_a1 volume (various pagings) ; _c21 cm. |
||
| 336 |
_atext _2rdacontent _btxt |
||
| 337 |
_aunmediated _2rdamedia _bn |
||
| 338 |
_avolume _2rdacarrier _bnc |
||
| 490 | 0 | _aConcentrate | |
| 500 | _aPrevious edition: 2015. | ||
| 500 | _aIncludes index. | ||
| 650 | 7 |
_aPublic law _zGreat Britain _xExaminations _vStudy guides. _2BUEsh |
|
| 653 |
_bLLAAWW _cMarch2023 |
||
| 655 | _vReading book | ||
| 942 |
_2ddc _cBB |
||
| 999 |
_c30186 _d30157 |
||